[Event "I am not a Pazter!"]
[Site "SchemingMind.com"]
[Date "2009.12.28"]
[Round "-"]
[White "Phillip Beckett"]
[Black "calidore"]
[Result "0-1"]
[WhiteCountry "ENG"]
[BlackCountry "ISR"]
[WhiteElo "1664"]
[WhiteRD "64"]
[BlackElo "1995"]
[BlackRD "74"]
[GameID "232478"]

1. e4 Nf6 2. Nc3 d5 3. exd5 Nxd5 4. Bc4 Nb6 5. Bb3 Nc6 6. Qf3 e6 7. Nge2 a5 8. a3 a4 9. Ba2 Ra5 10. d3 Rf5
11. Qh3 Bd6 12. Ng3 Bxg3 13. hxg3 Nd4 14. Bb1 Re5+ 15. Be3 Nf5 16. Ke2 Qd4 17. Kf1 Nxe3+ 18. fxe3 Qxe3 19. Ba2 Rf5+
0-1

[Event "I am not a Pazter!"]
[Site "SchemingMind.com"]
[Date "2009.12.28"]
[Round "-"]
[White "calidore"]
[Black "Phillip Beckett"]
[Result "0-1"]
[WhiteCountry "ISR"]
[BlackCountry "ENG"]
[WhiteElo "1862"]
[WhiteRD "76"]
[BlackElo "1736"]
[BlackRD "60"]
[GameID "232479"]

1. e4 e5 2. Nf3 Nc6 3. Bc4 Nf6 4. d4 exd4 5. O-O Bc5 6. e5 d5 7. exf6 dxc4 8. Re1+ Be6 9. Ng5 Qd5 10. Nc3 Qf5
11. Nce4 O-O-O 12. g4 Qe5 13. Nxe6 fxe6 14. Ng5 Qxf6 15. Nxe6 Rd5 16. Nxc5 Rxc5 17. b3 cxb3 18. axb3 Rf8 19. Qe2 Re5 20. Qd2 Rxe1+
21. Qxe1 Qf3 22. Ba3 Qxg4+ 23. Kf1 Qh3+ 24. Kg1 Rd8 25. Bc5 Qg4+
0-1

[Event "I am not a Pazter!"]
[Site "SchemingMind.com"]
[Date "2009.12.31"]
[Round "-"]
[White "lame wolf"]
[Black "calidore"]
[Result "0-1"]
[WhiteCountry "INT"]
[BlackCountry "ISR"]
[WhiteElo "1055"]
[WhiteRD "45"]
[BlackElo "1995"]
[BlackRD "74"]
[GameID "233105"]

1. Nf3 d5 2. d4 c5 3. e3 Nc6 4. Bb5 Qa5+ 5. Bd2 Qxb5 6. b3 cxd4 7. a4 Qb6 8. b4 Nxb4 9. Bxb4 Qxb4+ 10. Qd2 Qxd2+
11. Nbxd2 dxe3 12. fxe3 Nf6 13. O-O Bf5 14. c4 Bd3 15. Rfe1 dxc4 16. Rac1 Rc8 17. Nb1 e6 18. Nc3 Bb4 19. Red1 Bxc3 20. Rxc3 Ke7
21. Nd4 Nd5 22. Ra3 Nxe3 23. Rd2 Rhd8 24. Kf2 Ng4+ 25. Kg3 Rxd4 26. h3 Ne3 27. Kf3 Nc2 28. Ra2 c3 29. Rf2 Nb4 30. Ra1 c2
31. Ke3 Re4+ 32. Kf3 c1=Q 33. Rxc1 Rxc1
0-1

[Event "I am not a Pazter!"]
[Site "SchemingMind.com"]
[Date "2009.12.31"]
[Round "-"]
[White "lame wolf"]
[Black "Phillip Beckett"]
[Result "0-1"]
[WhiteCountry "INT"]
[BlackCountry "ENG"]
[WhiteElo "1052"]
[WhiteRD "44"]
[BlackElo "1736"]
[BlackRD "60"]
[GameID "233106"]

1. Nf3 Nf6 2. d4 d5 3. e3 e6 4. Bd3 c5 5. Bb5+ Bd7 6. Bxd7+ Nbxd7 7. O-O Bd6 8. c3 O-O 9. Nbd2 Qc7 10. b3 Rfc8
11. Bb2 a6 12. c4 cxd4 13. Nxd4 dxc4 14. Nxc4 Bxh2+ 15. Kh1 Be5 16. Nxe5 Nxe5 17. Rc1 Qd6 18. Nf3 Qxd1 19. Rfxd1 Neg4 20. Bxf6 Nxf6
21. Rxc8+ Rxc8 22. Kh2 Kf8 23. Ne5 Ke7 24. f4 Nd5 25. g3 Rc2+ 26. Kh3 Rxa2 27. e4 Nf6 28. f5 exf5 29. exf5 Ra3 30. b4 Ne4
31. Rd7+ Kf6 32. Rxb7 Rxg3+ 33. Kh4 Kxe5 34. Rxf7 Rg1 35. Ra7 Kxf5 36. Rxa6 Rg4+ 37. Kh5 Nf6+ 38. Rxf6+ gxf6 39. b5 Rb4 40. Kh6 Rxb5
41. Kxh7 Ke6 42. Kg6 Rg5+
0-1

[Event "I am not a Pazter!"]
[Site "SchemingMind.com"]
[Date "2009.12.31"]
[Round "-"]
[White "calidore"]
[Black "lame wolf"]
[Result "1-0"]
[WhiteCountry "ISR"]
[BlackCountry "INT"]
[WhiteElo "1995"]
[WhiteRD "74"]
[BlackElo "1055"]
[BlackRD "45"]
[GameID "233108"]

1. e4 c5 2. c3 Nc6 3. d4 cxd4 4. cxd4 d5 5. exd5 Qxd5 6. Nf3 Bg4 7. Be2 Bxf3 8. Bxf3 Qe6+ 9. Be3 Qc8 10. Nc3 e6
11. Rc1 Bb4 12. O-O Bxc3 13. Rxc3 Nge7 14. b4 Qd7 15. Re1 O-O 16. Be4 Rac8 17. a3 Nb8 18. Rxc8 Nxc8 19. Qh5 h6 20. Qf3 f6
21. Bxb7 Nd6 22. Be4 Nxe4 23. Qxe4 Qd5 24. Qg4 Qa2 25. Bxh6 Kf7 26. Qxg7+ Ke8 27. Qxf8+ Kd7 28. Qxb8 Qd5 29. Qxa7+ Kd6 30. Bf8+ Kc6
31. Rc1+ Kb5 32. Qa5#
1-0

[Event "I am not a Pazter!"]
[Site "SchemingMind.com"]
[Date "2009.12.31"]
[Round "-"]
[White "Phillip Beckett"]
[Black "lame wolf"]
[Result "1-0"]
[WhiteCountry "ENG"]
[BlackCountry "INT"]
[WhiteElo "1664"]
[WhiteRD "64"]
[BlackElo "1055"]
[BlackRD "45"]
[GameID "233109"]

1. e4 e5 2. Nf3 Nf6 3. Nxe5 Qe7 4. Nf3 Qxe4+ 5. Be2 Qe7 6. O-O b6 7. Bc4 Bb7 8. Re1 Be4 9. d3 d5 10. Bb3 c6
11. dxe4 Nxe4 12. Bxd5 cxd5 13. Qxd5 Qb4 14. Rxe4+ Be7 15. Rxb4
1-0

[Event "I am not a Pazter!"]
[Site "SchemingMind.com"]
[Date "2010.01.02"]
[Round "-"]
[White "keen"]
[Black "lame wolf"]
[Result "1-0"]
[WhiteCountry "SCO"]
[BlackCountry "INT"]
[WhiteElo "1655"]
[WhiteRD "55"]
[BlackElo "1052"]
[BlackRD "44"]
[GameID "233302"]

1. d4 d5 2. e3 c6 3. Bd3 e6 4. Nd2 Bb4 5. c3 Bd6 6. f4 c5 7. Ngf3 Ne7 8. O-O Bd7 9. g4 g6 10. Ne5 c4
11. Bc2 Bxe5 12. dxe5 b5 13. e4 Bc6 14. f5 gxf5 15. exf5 exf5 16. gxf5 d4 17. Be4 Bxe4 18. Nxe4 Qb6 19. cxd4 Nd7 20. Nd6+ Kf8
21. Bh6+ Kg8 22. Qg4+
1-0

[Event "I am not a Pazter!"]
[Site "SchemingMind.com"]
[Date "2010.01.02"]
[Round "-"]
[White "keen"]
[Black "Phillip Beckett"]
[Result "1-0"]
[WhiteCountry "SCO"]
[BlackCountry "ENG"]
[WhiteElo "1655"]
[WhiteRD "55"]
[BlackElo "1736"]
[BlackRD "60"]
[GameID "233305"]

1. e4 e5 2. Nf3 Nc6 3. d4 exd4 4. Bc4 Nf6 5. e5 d5 6. Bb5 Ne4 7. Nxd4 Bd7 8. Bxc6 bxc6 9. O-O Bc5 10. f3 Ng5
11. f4 Ne6 12. c3 O-O 13. Be3 Bb6 14. f5 Ng5 15. f6 Ne4 16. Qh5 gxf6 17. Bh6 Re8 18. exf6 Nxf6 19. Qg5+ Kh8 20. Qg7#
1-0

[Event "I am not a Pazter!"]
[Site "SchemingMind.com"]
[Date "2010.01.02"]
[Round "-"]
[White "lame wolf"]
[Black "keen"]
[Result "0-1"]
[WhiteCountry "INT"]
[BlackCountry "SCO"]
[WhiteElo "1052"]
[WhiteRD "44"]
[BlackElo "1655"]
[BlackRD "55"]
[GameID "233306"]

1. c4 e5 2. Nc3 Nf6 3. g3 g6 4. Bg2 Bg7 5. Ne4 O-O 6. Nxf6+ Qxf6 7. e3 Nc6 8. b3 e4 9. Rb1 Nb4 10. Bb2 Nd3+
11. Ke2 Nxb2 12. Qc2 Nd3 13. Qd1 Qxf2#
0-1

[Event "I am not a Pazter!"]
[Site "SchemingMind.com"]
[Date "2010.01.02"]
[Round "-"]
[White "Phillip Beckett"]
[Black "keen"]
[Result "1-0"]
[WhiteCountry "ENG"]
[BlackCountry "SCO"]
[WhiteElo "1736"]
[WhiteRD "60"]
[BlackElo "1655"]
[BlackRD "55"]
[GameID "233309"]

1. e4 c5 2. Nf3 g6 3. d4 cxd4 4. Nxd4 Bg7 5. Nc3 d6 6. Be3 Nf6 7. f3 Nc6 8. Qd2 O-O 9. O-O-O Bd7 10. Kb1 a6
11. Bc4 b5 12. Bb3 Qb8 13. h4 Rc8 14. Nxc6 Bxc6 15. Bd4 a5 16. Bxf6 Bxf6 17. Nd5 a4 18. Nxf6+ exf6 19. Bd5 b4 20. Bxc6 Rxc6
21. Qd4 b3 22. cxb3 axb3 23. a3 Raa6 24. Rc1 Qc7 25. Qxf6 Rc2 26. Qg5 Rac6 27. h5 f6 28. Qe3 Qb7 29. Rxc2 Rxc2 30. Rc1 Rxg2
31. hxg6 hxg6 32. Qc3 Rc2 33. Rxc2 bxc2+ 34. Qxc2 Qa6 35. Ka2 Qb7 36. Qb3+
1-0

[Event "I am not a Pazter!"]
[Site "SchemingMind.com"]
[Date "2010.01.05"]
[Round "-"]
[White "BigDaddy"]
[Black "lame wolf"]
[Result "1-0"]
[WhiteCountry "AUT"]
[BlackCountry "INT"]
[WhiteElo "1336"]
[WhiteRD "50"]
[BlackElo "1052"]
[BlackRD "44"]
[GameID "233738"]

1. e4 d5 2. exd5 Qxd5 3. Nc3 Qd8 4. d4 e6 5. Nf3 Bd6 6. Be3 Bd7 7. Bc4 Ne7 8. Qd3 c5 9. O-O b6 10. g3 a6
11. d5 e5 12. Ne4 b5 13. Nxd6+ Kf8 14. Ng5 Rg8 15. Nxh7#
1-0

[Event "I am not a Pazter!"]
[Site "SchemingMind.com"]
[Date "2010.01.06"]
[Round "-"]
[White "BigDaddy"]
[Black "keen"]
[Result "0-1"]
[WhiteCountry "AUT"]
[BlackCountry "SCO"]
[WhiteElo "1336"]
[WhiteRD "50"]
[BlackElo "1655"]
[BlackRD "55"]
[GameID "233739"]

1. e4 e6 2. d4 d5 3. Nc3 Nf6 4. e5 Nfd7 5. Nf3 c5 6. dxc5 Bxc5 7. Bb5 a6 8. Bxd7+ Bxd7 9. Qd3 Nc6 10. Bf4 b5
11. Be3 Qb6 12. Bxc5 Qxc5 13. O-O O-O 14. Ng5 g6 15. Qh3 h5 16. a3 Nxe5 17. Nf3 Nxf3+ 18. Qxf3 Qe7 19. b4 Rac8 20. g3 h4
21. Rfc1 Rc4 22. Ne2 Qg5 23. Qe3 Qg4 24. c3 Re4 25. Qf3 Qxf3 26. Re1 Rxe2 27. Rxe2 h3 28. Kf1 Qh1#
0-1

[Event "I am not a Pazter!"]
[Site "SchemingMind.com"]
[Date "2010.01.05"]
[Round "-"]
[White "BigDaddy"]
[Black "Phillip Beckett"]
[Result "0-1"]
[WhiteCountry "AUT"]
[BlackCountry "ENG"]
[WhiteElo "1336"]
[WhiteRD "50"]
[BlackElo "1736"]
[BlackRD "60"]
[GameID "233742"]

1. e4 e5 2. Nf3 Nc6 3. Bb5 a6 4. Bxc6 dxc6 5. O-O Qd6 6. Nc3 f6 7. d3 Bg4 8. h3 Be6 9. b3 O-O-O 10. Bb2 h5
11. h4 Nh6 12. g3 Bh3 13. Re1 Bg4 14. Qe2 g5 15. Kg2 Qe6 16. Qe3 b6 17. a4 Bxf3+ 18. Qxf3 gxh4 19. gxh4 Rg8+ 20. Kf1 Ng4
21. Ke2 Bh6 22. Qf5 Qxf5 23. exf5 Bf4 24. Bc1 Bxc1 25. Raxc1 Nh6 26. Rg1 Nxf5 27. Rxg8 Rxg8 28. Ne4 Nxh4 29. Nxf6 Rg5 30. Ne4 Rg4
31. f3 Rg2+ 32. Nf2 Nf5 33. Kf1 Rh2 34. Kg1 Rh4 35. Re1 Nd4 36. Rxe5 Nxf3+ 37. Kg2 Nxe5 38. Kf1 Rf4 39. Kg2 Ng4 40. Nxg4 Rxg4+
41. Kh3 Kd7 42. c4 Ke6 43. d4 Kf5 44. d5 Kf4 45. dxc6 Rg1 46. Kh2 Rg3 47. b4 Kf3 48. b5 a5 49. c5 Rg2+ 50. Kh3 Rc2
51. Kh4 Rxc5 52. Kh3 Rc4
0-1

[Event "I am not a Pazter!"]
[Site "SchemingMind.com"]
[Date "2010.01.05"]
[Round "-"]
[White "lame wolf"]
[Black "BigDaddy"]
[Result "0-1"]
[WhiteCountry "INT"]
[BlackCountry "AUT"]
[WhiteElo "1052"]
[WhiteRD "44"]
[BlackElo "1336"]
[BlackRD "50"]
[GameID "233743"]

1. f4 d5 2. g3 Nf6 3. Bg2 Bg4 4. Bf3 Bxf3 5. Nxf3 e6 6. d3 Nc6 7. Ne5 Nxe5 8. fxe5 Ng4 9. e3 Nxe5 10. Qe2 Qf6
11. Qf2 Qxf2+ 12. Kxf2 Ng4+ 13. Kf3 f5 14. Kf4 Bd6+ 15. Kg5 h6+ 16. Kg6 O-O 17. h3 Rf6+ 18. Kh5 g6+ 19. Kh4 g5+ 20. Kh5 Rf7
21. hxg4 fxg4 22. Kxg4 Raf8 23. Nd2 Kg7 24. b3 Kg6 25. Bb2 Rf2 26. Bc3 Rg2 27. Raf1 Rxg3#
0-1

[Event "I am not a Pazter!"]
[Site "SchemingMind.com"]
[Date "2010.01.06"]
[Round "-"]
[White "keen"]
[Black "BigDaddy"]
[Result "1-0"]
[WhiteCountry "SCO"]
[BlackCountry "AUT"]
[WhiteElo "1655"]
[WhiteRD "55"]
[BlackElo "1336"]
[BlackRD "50"]
[GameID "233744"]

1. d4 Nf6 2. c4 e6 3. Nc3 Bb4 4. Qc2 O-O 5. Nf3 Bxc3+ 6. Qxc3 d5 7. Bg5 h6 8. Bh4 g5 9. Nxg5 hxg5 10. Bxg5 Nc6
11. Qg3 e5 12. Bxf6+ Kh7 13. Qg7#
1-0

[Event "I am not a Pazter!"]
[Site "SchemingMind.com"]
[Date "2010.01.05"]
[Round "-"]
[White "Phillip Beckett"]
[Black "BigDaddy"]
[Result "1-0"]
[WhiteCountry "ENG"]
[BlackCountry "AUT"]
[WhiteElo "1736"]
[WhiteRD "60"]
[BlackElo "1336"]
[BlackRD "50"]
[GameID "233747"]

1. e4 c5 2. Nf3 e6 3. d4 cxd4 4. Nxd4 Nf6 5. Nc3 Bb4 6. Bd3 Bxc3+ 7. bxc3 Nc6 8. Nb3 e5 9. O-O d6 10. Ba3 Be6
11. c4 Nd4 12. c3 Nxb3 13. axb3 O-O 14. Bc2 Re8 15. Qxd6 Qxd6 16. Bxd6 Red8 17. Bxe5 Rd2 18. Rac1 Rad8 19. Rfd1 Rxd1+ 20. Rxd1 Rxd1+
21. Bxd1 Nxe4 22. Bf3 Ng5 23. Bxb7 f6 24. Bd4 a5 25. Bb6 Bf5 26. Bxa5 Ne6 27. Bc8 g6 28. Bxe6+ Bxe6 29. Kf1 f5 30. Ke2 Kf7
31. Kd3 f4 32. b4 Bf5+ 33. Kd4 Ke6 34. b5 Kd6 35. c5+ Kd7 36. c6+ Kd6 37. c4 Be6 38. c5+ Ke7 39. b6
1-0

[Event "I am not a Pazter!"]
[Site "SchemingMind.com"]
[Date "2010.01.06"]
[Round "-"]
[White "Darnell"]
[Black "lame wolf"]
[Result "1-0"]
[WhiteCountry "CAN"]
[BlackCountry "INT"]
[WhiteElo "1421"]
[WhiteRD "69"]
[BlackElo "1052"]
[BlackRD "44"]
[GameID "233797"]

1. e4 e5 2. Nf3 Nc6 3. Bb5 b6 4. O-O Bb7 5. Bxc6 Bxc6 6. Nxe5 Qf6 7. Nxc6 dxc6 8. e5 Qxe5 9. Re1 Bd6 10. Rxe5+ Bxe5
11. Qe2 f6 12. d4 Kf7 13. dxe5 fxe5 14. Qxe5 Nf6 15. Be3 Rhe8 16. Qxc7+ Kf8 17. Qxc6 Rac8 18. Qa4 a5 19. Nc3 Re6 20. Rd1 h6
21. Nd5 Kg8 22. Nxb6 Rc7 23. Nd5 Nxd5 24. Rxd5 Rxc2 25. Qxc2
1-0

[Event "I am not a Pazter!"]
[Site "SchemingMind.com"]
[Date "2010.01.06"]
[Round "-"]
[White "Darnell"]
[Black "keen"]
[Result "0-1"]
[WhiteCountry "CAN"]
[BlackCountry "SCO"]
[WhiteElo "1421"]
[WhiteRD "69"]
[BlackElo "1655"]
[BlackRD "55"]
[GameID "233798"]

1. e4 c5 2. Nf3 g6 3. b3 Bg7 4. Nc3 Nc6 5. Bb2 d6 6. Bb5 Bd7 7. O-O a6 8. Bxc6 Bxc6 9. d3 Nf6 10. Nd2 O-O
11. f4 e6 12. Qe2 Re8 13. Kh1 b5 14. Rf3 d5 15. e5 Nd7 16. Rh3 Qe7 17. Rf1 Ra7
0-1

[Event "I am not a Pazter!"]
[Site "SchemingMind.com"]
[Date "2010.01.06"]
[Round "-"]
[White "Darnell"]
[Black "Phillip Beckett"]
[Result "0-1"]
[WhiteCountry "CAN"]
[BlackCountry "ENG"]
[WhiteElo "1421"]
[WhiteRD "69"]
[BlackElo "1736"]
[BlackRD "60"]
[GameID "233801"]

1. e4 e5 2. Nf3 Nc6 3. Bb5 a6 4. Bxc6 dxc6 5. O-O Qd6 6. d4 exd4 7. Qxd4 Qxd4 8. Nxd4 Bd7 9. b3 O-O-O 10. Bb2 f6
11. Nc3 Ne7 12. Rad1 Ng6 13. Nce2 Bc5 14. Bc1 Bg4 15. f3 Bd7 16. Kh1 Bb6 17. Ng3 c5 18. Ndf5 Rhg8 19. h4 Rde8
0-1

[Event "I am not a Pazter!"]
[Site "SchemingMind.com"]
[Date "2010.01.06"]
[Round "-"]
[White "Darnell"]
[Black "BigDaddy"]
[Result "1-0"]
[WhiteCountry "CAN"]
[BlackCountry "AUT"]
[WhiteElo "1421"]
[WhiteRD "69"]
[BlackElo "1336"]
[BlackRD "50"]
[GameID "233802"]

1. e4 c5 2. Nf3 e6 3. d4 cxd4 4. Nxd4 Nf6 5. Nc3 Bb4 6. Bd2 Bxc3 7. Bxc3 Nxe4 8. Qg4 Qg5 9. Qxe4 Qd5 10. Qg4 g6
11. Nxe6 Qxe6+ 12. Qxe6+ dxe6 13. Bb5+ Bd7 14. Bxd7+ Nxd7 15. Bxh8 Ke7 16. Bg7 Rc8 17. O-O-O Nc5 18. Bd4 Ne4 19. Bxa7 Rc6 20. Rhe1 f5
21. Rxe4 fxe4 22. Re1 Ra6 23. Be3 Rxa2 24. Bc5+ Kf6 25. Ba3 Ra1+ 26. Kd2 Rxe1 27. Kxe1 Kf5 28. Ke2 Kf4 29. Bd6+ e5 30. h3 h5
31. g3+ Kf5 32. Ke3 Ke6 33. Bc7 Kf5 34. c4 g5 35. c5 g4 36. hxg4+ hxg4 37. b4 Ke6 38. Kxe4
1-0

[Event "I am not a Pazter!"]
[Site "SchemingMind.com"]
[Date "2010.01.06"]
[Round "-"]
[White "lame wolf"]
[Black "Darnell"]
[Result "0-1"]
[WhiteCountry "INT"]
[BlackCountry "CAN"]
[WhiteElo "1052"]
[WhiteRD "44"]
[BlackElo "1421"]
[BlackRD "69"]
[GameID "233803"]

1. b4 e5 2. a3 a5 3. b5 a4 4. e4 Nf6 5. Bb2 Bc5 6. c4 d6 7. Nf3 Nxe4 8. d3 Nxf2 9. Qd2 Nxh1 10. Qd1 Nf2
11. Qc2 Ng4 12. h3 Ne3 13. Qc1 Bf5 14. Qc3 Bg6 15. Nbd2 Nd7 16. Be2 Nxg2+ 17. Kd1 Nf4 18. h4 Nxe2 19. Kxe2 Bh5 20. Rf1 Bd4
21. Qc2 Bxb2 22. Qxb2 Qxh4 23. Ne4 Nf6 24. Ke3 Qf4+ 25. Kf2 Nxe4+ 26. dxe4 Qxf3+ 27. Kg1 Qxe4
0-1

[Event "I am not a Pazter!"]
[Site "SchemingMind.com"]
[Date "2010.01.06"]
[Round "-"]
[White "keen"]
[Black "Darnell"]
[Result "1-0"]
[WhiteCountry "SCO"]
[BlackCountry "CAN"]
[WhiteElo "1655"]
[WhiteRD "55"]
[BlackElo "1421"]
[BlackRD "69"]
[GameID "233804"]

1. d4 Nf6 2. e3 d5 3. Bd3 a6 4. Nd2 b5 5. f4 Bg4 6. Ngf3 e6 7. O-O c5 8. Qe1 Nc6 9. Ne5 Nxe5 10. fxe5 Nd7
11. Qf2 Bh5 12. Nf3 c4 13. Be2 Bb4 14. Ng5 Qxg5 15. e4 Qg6 16. Bxh5 Qxh5 17. exd5 exd5 18. c3
1-0

[Event "I am not a Pazter!"]
[Site "SchemingMind.com"]
[Date "2010.01.06"]
[Round "-"]
[White "BigDaddy"]
[Black "Darnell"]
[Result "0-1"]
[WhiteCountry "AUT"]
[BlackCountry "CAN"]
[WhiteElo "1336"]
[WhiteRD "50"]
[BlackElo "1421"]
[BlackRD "69"]
[GameID "233808"]

1. e4 c5 2. Nf3 d6 3. Bb5+ Nd7 4. Bxd7+ Bxd7 5. Nc3 g6 6. d3 Bg7 7. O-O e6 8. d4 cxd4 9. Nxd4 a6 10. Bf4 e5
11. Be3 exd4 12. Bxd4 Bxd4 13. Qxd4 Qf6 14. Qxf6 Nxf6 15. Rfd1 Bc6 16. Rxd6 Nxe4 17. Nxe4 Bxe4 18. Re1 Ke7 19. Rd4 f5 20. f3 Rad8
21. Rxd8 Rxd8 22. fxe4 Kf6 23. e5+ Ke6 24. b3 Rd2 25. Kf1 Rxc2 26. Re2 Rxe2 27. Kxe2 Kxe5 28. g3 Ke4 29. Kf2 b5 30. b4 g5
31. a3 h5 32. h4 gxh4 33. gxh4 Kf4 34. Kg2 Kg4 35. Kh2 Kxh4 36. Kg2 Kg4 37. Kf2 f4
0-1

[Event "I am not a Pazter!"]
[Site "SchemingMind.com"]
[Date "2010.01.07"]
[Round "-"]
[White "holandes"]
[Black "lame wolf"]
[Result "1-0"]
[WhiteCountry "POR"]
[BlackCountry "INT"]
[WhiteElo "1496"]
[WhiteRD "86"]
[BlackElo "1052"]
[BlackRD "44"]
[GameID "233991"]

1. e4 c5 2. Nc3 Nc6 3. Nf3 d6 4. h3 e5 5. a3 Nge7 6. g4 Ng6 7. d3 Nd4 8. Nxd4 cxd4 9. Nd5 Be7 10. Bd2 Be6
11. Bg2 Bxd5 12. exd5 b6 13. Qe2 Bg5 14. O-O Bxd2 15. Qxd2 Qg5 16. Qxg5 O-O 17. f4 exf4 18. h4 f6 19. Qf5 Rad8 20. h5 Ne7
21. Qe6+ Kh8 22. Qxe7 Rde8 23. Qxd6
1-0

[Event "I am not a Pazter!"]
[Site "SchemingMind.com"]
[Date "2010.01.08"]
[Round "-"]
[White "holandes"]
[Black "keen"]
[Result "1-0"]
[WhiteCountry "POR"]
[BlackCountry "SCO"]
[WhiteElo "1496"]
[WhiteRD "86"]
[BlackElo "1655"]
[BlackRD "55"]
[GameID "233992"]

1. e4 e6 2. d4 d5 3. e5 c5 4. c3 Nc6 5. Nf3 Qb6 6. Na3 Bd7 7. Be2 cxd4 8. cxd4 Bb4+ 9. Kf1 Nge7 10. g4 Ng6
11. h4 Rc8 12. b3 Bc3 13. Rb1 Nb4 14. h5 Ne7 15. Bd2 Nxa2 16. Ne1 Bxd4 17. Rh2 Bxe5 18. Rg2 Qc5 19. Nac2 Qxc2 20. Nxc2
1-0

[Event "I am not a Pazter!"]
[Site "SchemingMind.com"]
[Date "2010.01.08"]
[Round "-"]
[White "holandes"]
[Black "Phillip Beckett"]
[Result "0-1"]
[WhiteCountry "POR"]
[BlackCountry "ENG"]
[WhiteElo "1496"]
[WhiteRD "86"]
[BlackElo "1736"]
[BlackRD "60"]
[GameID "233995"]

1. d4 d5 2. c4 e6 3. Nc3 Nf6 4. Bg5 Be7 5. Nf3 h6 6. Bh4 O-O 7. e3 Ne4 8. Nxe4 Bxh4 9. Nc5 Be7 10. Qb3 b6
11. Nd3 Bb7 12. c5 Qc8 13. Nfe5 Bf6 14. Rc1 Bxe5 15. Nxe5 Ba6 16. Qa4 Bxf1 17. Rxf1 Qa6 18. Qb3 f6 19. Ng6 Rf7 20. c6 Qa5+
21. Kd1 Na6 22. a3 Kh7 23. Qd3 f5 24. Ne5 Re7 25. g4 g6 26. gxf5 exf5 27. Rg1 Qa4+ 28. Ke2 Nc5 29. Rxc5 bxc5 30. Kf3 c4
31. Qb1 Rxe5 32. dxe5 Qxc6 33. Ke2 c3 34. Qc2 Qc4+ 35. Kd1 cxb2 36. Qxb2 Qd3+ 37. Kc1 Qc4+ 38. Kb1 Qc6 39. f3 Qe8 40. Qd4 Rb8+
41. Ka2 Qb5 42. Re1 Qb3+ 43. Ka1 Qxa3#
0-1

[Event "I am not a Pazter!"]
[Site "SchemingMind.com"]
[Date "2010.01.07"]
[Round "-"]
[White "holandes"]
[Black "Darnell"]
[Result "1-0"]
[WhiteCountry "POR"]
[BlackCountry "CAN"]
[WhiteElo "1496"]
[WhiteRD "86"]
[BlackElo "1421"]
[BlackRD "69"]
[GameID "233996"]

1. e4 c5 2. Nc3 d6 3. h3 Nf6 4. Bc4 a6 5. a4 Nc6 6. Nf3 e6 7. d4 cxd4 8. Nxd4 Bd7 9. Bg5 Be7 10. O-O h6
11. Bh4 e5 12. Nb3 Rc8 13. Ne2 Nxe4 14. Qd5 Be6 15. Qxe4 Bxh4 16. Nd2 d5 17. Bxd5 Bxd5 18. Qg4 Qg5 19. Qxc8+ Ke7 20. Qg4
1-0

[Event "I am not a Pazter!"]
[Site "SchemingMind.com"]
[Date "2010.01.07"]
[Round "-"]
[White "holandes"]
[Black "BigDaddy"]
[Result "1-0"]
[WhiteCountry "POR"]
[BlackCountry "AUT"]
[WhiteElo "1496"]
[WhiteRD "86"]
[BlackElo "1336"]
[BlackRD "50"]
[GameID "233997"]

1. e4 c5 2. Nc3 Nc6 3. Nf3 e6 4. Bc4 a6 5. d3 b5 6. Bb3 Nf6 7. h3 d5 8. Bg5 d4 9. Ne2 Be7 10. O-O c4
11. dxc4 Nxe4 12. Bxe7 Qxe7 13. cxb5 axb5 14. Qd3 Nc5 15. Qxb5 Qd6 16. Nexd4 Bb7 17. Rfd1 Ra5 18. Qb6 Ra6 19. Nxc6 Qxc6 20. Qd8#
1-0

[Event "I am not a Pazter!"]
[Site "SchemingMind.com"]
[Date "2010.01.07"]
[Round "-"]
[White "lame wolf"]
[Black "holandes"]
[Result "0-1"]
[WhiteCountry "INT"]
[BlackCountry "POR"]
[WhiteElo "1052"]
[WhiteRD "44"]
[BlackElo "1496"]
[BlackRD "86"]
[GameID "233998"]

1. b4 e5 2. a3 d5 3. Bb2 Bd6 4. d4 e4 5. e3 Nf6 6. Be2 h5 7. f3 c6 8. c4 exf3 9. Bxf3 dxc4 10. Bc3 Qe7
11. Nd2 b5 12. Ne2 Qxe3 13. Rf1 Bxh2 14. Ne4 Nxe4 15. Bd2 Bg3+
0-1

[Event "I am not a Pazter!"]
[Site "SchemingMind.com"]
[Date "2010.01.08"]
[Round "-"]
[White "keen"]
[Black "holandes"]
[Result "1-0"]
[WhiteCountry "SCO"]
[BlackCountry "POR"]
[WhiteElo "1655"]
[WhiteRD "55"]
[BlackElo "1496"]
[BlackRD "86"]
[GameID "233999"]

1. d4 d5 2. e3 Nf6 3. Bd3 Bg4 4. f3 Bh5 5. Nd2 e6 6. Ne2 Nc6 7. O-O Bd6 8. e4 Be7 9. Ng3 Bg6 10. c3 O-O
11. Qe2 a6 12. Nb3 Nd7 13. Bd2 f5 14. exf5 exf5 15. Qe6+ Rf7 16. Qxd5 Kf8 17. Rae1 Rb8 18. Bxf5 Nf6 19. Qe6 Bxf5 20. Nxf5 Nd5
21. Nxe7 Ncxe7 22. Bg5 b5 23. Nc5 Rb6 24. Nd7+ Kg8 25. Nxb6 cxb6 26. Re5 h6 27. Bh4 g5 28. Qxh6 gxh4 29. Rg5+
1-0

[Event "I am not a Pazter!"]
[Site "SchemingMind.com"]
[Date "2010.01.07"]
[Round "-"]
[White "Darnell"]
[Black "holandes"]
[Result "0-1"]
[WhiteCountry "CAN"]
[BlackCountry "POR"]
[WhiteElo "1421"]
[WhiteRD "69"]
[BlackElo "1496"]
[BlackRD "86"]
[GameID "234003"]

1. e4 e5 2. Nf3 Nc6 3. Bb5 Nd4 4. Nxd4 exd4 5. O-O c6 6. Bc4 d5 7. exd5 cxd5 8. Bb5+ Bd7 9. Qe2+ Be7 10. Re1 Rc8
11. Bxd7+ Qxd7 12. d3 f6 13. b3 h5 14. Bb2 Kf7 15. Bxd4 b6 16. Nc3 Bb4 17. Qd2 Qg4 18. a3 Qxd4 19. axb4 b5
0-1

[Event "I am not a Pazter!"]
[Site "SchemingMind.com"]
[Date "2010.01.07"]
[Round "-"]
[White "BigDaddy"]
[Black "holandes"]
[Result "1-0"]
[WhiteCountry "AUT"]
[BlackCountry "POR"]
[WhiteElo "1336"]
[WhiteRD "50"]
[BlackElo "1496"]
[BlackRD "86"]
[GameID "234004"]

1. e4 e5 2. Nf3 Nc6 3. Bb5 d6 4. Bxc6+ bxc6 5. d4 Bg4 6. Nbd2 exd4 7. c3 c5 8. h3 Bxf3 9. Qxf3 Nf6 10. Nc4 Be7
11. e5 Nd7 12. e6 fxe6 13. Qg4 d5 14. Qxg7 Bf6 15. Qg4 Qe7 16. Qe2 dxc4 17. Qxc4 Ne5 18. Qb5+ c6 19. Qe2 Nd7 20. Qf3 h6
21. Qxc6 O-O 22. Bxh6 Rfc8 23. Qf3 Kh7 24. Bf4 Kg7 25. Qh5 Rh8 26. Qg4+ Kf7 27. O-O Rh4 28. Qf3 Rg8 29. g4 e5 30. Qd5+ Ke8
31. Qxg8+ Nf8 32. Bg3 Rxh3 33. Kg2 Rh8 34. Qd5 Rh7 35. Qa8+ Kd7 36. Qb7+ Ke6 37. Qxe7+ Kxe7 38. f4 e4 39. g5 Bg7 40. f5 Bh8
41. f6+ Kf7 42. Rh1 Kg6 43. Bf4 Kf5 44. Raf1 e3 45. cxd4 cxd4 46. Bxe3+ Ke4 47. Bd2 Kd3 48. Rf2 Kc2 49. Be3+ Kd3 50. Rf3 Ke4
51. Rd1 dxe3 52. Rdf1 Kd3 53. Rd1+ Kc2 54. Re1 Kd2 55. Ref1 e2 56. R1f2 Kd1 57. Rd3+ Ke1 58. Re3 Kd2 59. Rfxe2+ Kd1 60. Rf2 Rh5
61. Rd3+ Kc1 62. Rc3+ Kd1 63. Rcc2 Rxg5+ 64. Kf1 Rh5 65. Rfd2#
1-0